| 000 | 01366nam a22003497a 4500 | ||
|---|---|---|---|
| 003 | CHAP | ||
| 005 | 20220329143145.0 | ||
| 008 | 060905d2006 mx r 00110 spa d | ||
| 010 | _a92643 | ||
| 011 | _a93615 | ||
| 035 | _a104195 | ||
| 040 | _cCHAP | ||
| 090 | _aTesis | ||
| 100 | 1 |
_aIbarra Medina, José Manuel. _957176 |
|
| 245 | 1 | 0 |
_aEstablecimiento del Parque Ecológico Agua Tibia - Jeroche, de Puruándiro, Mich.; en área natural protegida _c/por José Manuel Ibarra Medina |
| 260 |
_aChapingo, Méx. : _bEl autor, _c2006. |
||
| 300 |
_a90 h. : _bilus.; gráfs.; cuadros, diagramas, mapas |
||
| 502 | _aTesis (Ing. en Restauración Forestal) - - UACH. División de Ciencias Forestales. | ||
| 590 |
_aALEPH _b10 _c20130110 _lUCH01 _h1513 |
||
| 590 |
_aBATCH-UPD _b10 _c20130110 _lUCH01 _h0550 |
||
| 590 |
_aBATCH-UPD _b10 _c20130410 _lUCH01 _h0232 |
||
| 590 |
_aBATCH-UPD _b10 _c20130914 _lUCH01 _h1628 |
||
| 590 |
_aCONVERSION _b10 _c20130109 _lUCH01 _h1351 |
||
| 650 | 1 | 4 |
_aÁreas protegidas _xMichoacan. _96872 |
| 650 | 1 | 4 |
_aParque Ecológico Agua Tibia _xJeroche, Michoacán. _985665 |
| 650 | 1 | 4 |
_aRecursos naturales _xConservación _xMichoacán. _995241 |
| 901 | _aBK | ||
| 905 | _aElisama A. H. | ||
| 942 | _cFOLL | ||
| 949 |
_aTesis _bBC _cTES _d00000000104195 _eTS1 _h45434 _i104195 _sb |
||
| 949 |
_aTesis _bBC _cTES _d33724000989711 _eTS2 _fc.2 _h45435 _i104195 _sb |
||
| 999 |
_c92643 _d92643 |
||